تدوين الدستور الإسلامي / (Record no. 15955)

MARC details
000 -الفاتح
حقل البيانات ثابتة الطول 00715nam a22001577a 4500
008 - عناصر البيانات ثابتة الطول - معلومات عامة
حقل البيانات ثابتة الطول 110905s1953 ua|||||r|||| 00| 0 ara d
082 ## - رقم تصنيف ديوى العشرى
رقم الطبعة 22
رقم التصنيف 250
رقم المادة م و د
100 ## - المدخل الرئيسى - إسم شخصى
9 (RLIN) 27020
الإسم الشخصى المودودي ، أبو الأعلى
245 ## - بيان العنوان
العنوان تدوين الدستور الإسلامي /
بيان المسئوليه,etc أبو الأعلى المودودي
260 ## - PUBLICATION, DISTRIBUTION, ETC. (IMPRINT)
مكان الناشر او الموزع القاهرة :
اسم الناشر او الموزع دار التراث العربي ، [1953]
تاريخ النشر أو التوزيع [1953]
300 ## - الوصف المادى
التعداد 62 ص ؛
أبعاد الوعاء 20 سم
650 ## - المدخل الاضافى بالموضوع-مصطلح موضوعى
9 (RLIN) 15034
مصطلح موضوعي أو اسم جغرافي كعنصر مدخل الشريعة الإسلامية
650 ## - المدخل الاضافى بالموضوع-مصطلح موضوعى
9 (RLIN) 21297
مصطلح موضوعي أو اسم جغرافي كعنصر مدخل القانون
942 ## - عناصر المدخل الإضافي( كوها)
مصدر التصنيف او مخطط الترفيف Dewey Decimal Classification
Koha [default] item type Book - Borrowing
Holdings
حالة التراجع حالة الفقد مصدر التصنيف او خطة الترفيف حالة تلف ليس للاعارة مجموعات كوها المكان الدائم المكان الحالي موقع الترفيف تاريخ الاكتساب Source of acquisition رقم الاستدعاء الباركود Date last seen مُعار نوع الوعاء
    Dewey Decimal Classification     مكتبة الاسكندرية Central Library Central Library Lower Floor 05/09/2011 Donation 250 م و د 000024658 15/07/2025 19/02/2013 Book - Borrowing